[Event "EWCCC Online Preliminary-C 2020"]
[Site "Online"]
[Date "2020.12.19"]
[Round "3.3"]
[White "Gretarsdottir, Lilja"]
[Black "Head, Louise"]
[Result "1/2-1/2"]
[WhiteElo "1984"]
[BlackElo "2090"]
[Annotator "NA"]
[PlyCount "98"]
[EventDate "2020.12.19"]
[EventType "team-tourn"]
[EventCountry "NET"]
[SourceTitle "playchess.com"]
[Source "ChessBase"]
[SourceQuality "1"]
[TimeControl "900+5"]

1. e4 {[%emt 0:00:02]} c6 {[%emt 0:00:04]} 2. d4 {[%emt 0:00:05]} d5 {[%emt 0:00:02]} 3. Nc3 {[%emt 0:00:07]} dxe4 {[%emt 0:00:02]} 4. Nxe4 {[%emt 0:00:03]} Nd7 {[%emt 0:00:02]} 5. Nf3 {[%emt 0:00:09]} Ngf6 {[%emt 0:00:03]} 6. Nxf6+ {[%emt 0:00:27]} Nxf6 {[%emt 0:00:03]} 7. h3 {[%emt 0:00:23]} Bf5 {[%emt 0:00:18]} 8. Bc4 {[%emt 0:00:11]} e6 {[%emt 0:00:07]} 9. O-O {[%emt 0:00:04]} Bd6 {[%emt 0:00:56]} 10. Re1 {[%emt 0:00:34]} O-O {[%emt 0:00:07]} 11. Bg5 {[%emt 0:00:16]} h6 {[%emt 0:00:20]} 12. Bh4 {[%emt 0:00:03]} g5 {[%emt 0:00:38]} 13. Bg3 {[%emt 0:00:23]} Bxg3 {[%emt 0:00:42]} 14. fxg3 {[%emt 0:00:03]} Qd6 {[%emt 0:01:52]} 15. Ne5 {[%emt 0:00:29]} Nd7 {[%emt 0:01:56]} 16. c3 {[%emt 0:02:20]} Nxe5 {[%emt 0:00:15]} 17. Rxe5 {[%emt 0:00:05]} Kg7 {[%emt 0:00:36]} 18. g4 {[%emt 0:00:36]} Bg6 {[%emt 0:00:06]} 19. Qf3 {[%emt 0:02:03]} Rae8 {[%emt 0:01:09]} 20. Rae1 {[%emt 0:00:09]} Qd8 {[%emt 0:00:36]} 21. g3 {[%emt 0:00:36]} Qf6 {[%emt 0:00:10]} 22. Qe3 {[%emt 0:00:12]} Bh7 {[%emt 0:00:34]} 23. Bb3 {[%emt 0:01:20]} Qg6 {[%emt 0:00:20]} 24. Rf1 {[%emt 0:00:38]} Bg8 {[%emt 0:00:34]} 25. Qf2 {[%emt 0:03:00]} f6 {[%emt 0:00:35]} 26. Bc2 {[%emt 0:00:06]} fxe5 {[%emt 0:00:44]} 27. Bxg6 {[%emt 0:02:40]} Rxf2 {[%emt 0:00:08]} 28. Bxe8 {[%emt 0:00:05]} Rxb2 {[%emt 0:02:09]} 29. dxe5 {[%emt 0:00:03]} Rb5 {[%emt 0:00:03]} 30. c4 {[%emt 0:00:05]} Rxe5 {[%emt 0:00:12]} 31. Rb1 {[%emt 0:00:02]} b6 {[%emt 0:00:02]} 32. Bxc6 {[%emt 0:00:03]} Rc5 {[%emt 0:00:04]} 33. Bb5 {[%emt 0:00:02]} e5 {[%emt 0:00:04]} 34. Kf2 {[%emt 0:00:01]} Bxc4 {[%emt 0:00:02]} 35. Bxc4 {[%emt 0:00:06]} Rxc4 {[%emt 0:00:01]} 36. Rd1 {[%emt 0:00:06]} Rc2+ {[%emt 0:00:10]} 37. Ke3 {[%emt 0:00:02]} Rxa2 {[%emt 0:00:12]} 38. Rd7+ {[%emt 0:00:02]} Kf6 {[%emt 0:00:03]} 39. Rd6+ {[%emt 0:00:01]} Kf7 {[%emt 0:00:01]} 40. Rxh6 {[%emt 0:00:02]} b5 {[%emt 0:00:15]} 41. Ke4 {[%emt 0:00:02]} b4 {[%emt 0:00:25]} 42. Kf5 {[%emt 0:00:05]} Rf2+ {[%emt 0:00:21]} 43. Kxe5 {[%emt 0:00:06]} b3 {[%emt 0:00:02]} 44. Rh7+ {[%emt 0:00:02]} Kg6 {[%emt 0:00:02]} 45. Rxa7 {[%emt 0:00:02]} Rf3 {[%emt 0:00:03]} 46. Ra6+ {[%emt 0:00:05]} Kg7 {[%emt 0:00:01]} 47. Ra7+ {[%emt 0:00:01]} Kg6 {[%emt 0:00:02]} 48. Ra6+ {[%emt 0:00:02]} Kg7 {[%emt 0:00:08]} 49. Ra7+ {[%emt 0:00:01]} Kg6 {[%emt 0:00:56]} 1/2-1/2

[Event "EWCCC Online Preliminary-C 2020"]
[Site "Online"]
[Date "2020.12.19"]
[Round "3.4"]
[White "Guichard, Pauline"]
[Black "Hakimifard, Ghazal"]
[Result "1/2-1/2"]
[WhiteElo "2415"]
[BlackElo "2265"]
[Annotator "TA"]
[PlyCount "103"]
[EventDate "2020.12.19"]
[EventType "team-tourn"]
[EventCountry "NET"]
[SourceTitle "playchess.com"]
[Source "ChessBase"]
[SourceQuality "1"]

{[%evp 10,103,8,12,23,19,11,-5,0,22,9,-11,11,-54,-52,-62,-52,-64,-62,-82,-9,-17,-8,-60,-42,-51,-59,-57,-51,-48,-56,-56,-56,-114,-63,-62,-22,-21,-22,-9,-20,-12,3,-10,-10,-10,-10,-10,-10,-10,0,0,0,0,9,-10,-10,-10,0,0,0,0,0,0,0,0,0,0,0,0,0,0,0,0,0,0,0,0,0,0,0,0,0,0,0,0,0,0,0,0,0,0,0,0,0,0]} 1. c4 e5 2. Nc3 Nf6 3. Nf3 Nc6 4. e3 Bb4 5. Qc2 O-O 6. Nd5 Bc5 {A28: English Opening: Four Knights Variation.} 7. Ng5 {[#] Nxf6+ would kill now.} g6 8. h4 d6 9. Nxf6+ Qxf6 10. Ne4 Qe7 11. Nxc5 ({White should try} 11. h5 $11) 11... dxc5 $15 12. b3 Bf5 {[#]} 13. Qc3 $146 ({Predecessor:} 13. d3 e4 14. Bb2 Nb4 15. Qc3 f6 16. a3 Nxd3+ 17. Bxd3 exd3 18. Kd2 Qd6 19. h5 {½-½ (61) Noroozi,O (2183)-Nukin,A (2238) Bishkek 2006}) 13... Rad8 14. a3 {[#]} Nd4 (14... Rd4 $1 $17 {[%mdl 512]} 15. h5 (15. exd4 exd4+) 15... Rh4 16. Rxh4 Qxh4) 15. d3 $11 Rfe8 $36 {[%mdl 2048] Black is more active.} 16. e4 ({Better is} 16. f3 $11) 16... Bg4 17. Bg5 f6 18. Be3 b6 19. f3 Bc8 20. h5 g5 21. Kf2 (21. h6 $15) 21... Kh8 (21... g4 $17 22. h6 f5) 22. g4 $15 Qd7 (22... a5 {looks sharper.} 23. Be2 Nc6 24. h6 Be6 25. Qb2 Rd6) 23. Bxd4 {The position is equal.} Qxd4+ 24. Qxd4 cxd4 25. b4 c5 26. bxc5 bxc5 27. Rb1 $1 Ba6 28. Be2 Rb8 29. Rhc1 Kg7 30. Bd1 Kf7 31. Ba4 Rec8 32. Ke2 Ke7 33. Kd2 h6 34. Bb5 Bb7 35. Rb3 Kd6 36. Rcb1 {Black must now prevent Ba6!} Kc7 37. Bd7 Rd8 38. Be6 Bc6 39. Bd5 {Hoping for Rxb8.} Rb6 40. Rxb6 axb6 41. Bxc6 Kxc6 $11 {[%mdl 4096] Endgame KR-KR} 42. a4 Ra8 43. Ra1 Ra5 44. Kc2 Kc7 45. Kb3 Kc6 46. Ka3 Kc7 47. Rb1 Kc6 48. Rb5 Kc7 49. Kb3 Kc6 50. Ka3 Kc7 51. Kb3 Kc6 52. Ka3 {Weighted Error Value: White=0.08/Black=0.08} 1/2-1/2

[Event "EWCCC Online Preliminary-C 2020"]
[Site "Online"]
[Date "2020.12.19"]
[Round "3.4"]
[White "De Seroux, Camille"]
[Black "Broly, Mathilde"]
[Result "1-0"]
[WhiteElo "2137"]
[BlackElo "2150"]
[Annotator "NA"]
[PlyCount "89"]
[EventDate "2020.12.19"]
[EventType "team-tourn"]
[EventCountry "NET"]
[SourceTitle "playchess.com"]
[Source "ChessBase"]
[SourceQuality "1"]
[TimeControl "900+5"]

1. e4 {[%emt 0:00:00]} e5 {[%emt 0:00:08]} 2. Nc3 {[%emt 0:00:03]} Nc6 {[%emt 0:00:41]} 3. g3 {[%emt 0:00:04]} Bc5 {[%emt 0:01:03]} 4. Bg2 {[%emt 0:00:05]} d6 {[%emt 0:00:02]} 5. Nge2 {[%emt 0:00:10]} Nge7 {[%emt 0:00:38]} 6. O-O {[%emt 0:00:07]} Bg4 {[%emt 0:00:19]} 7. h3 {[%emt 0:00:28]} Be6 {[%emt 0:01:05]} 8. Na4 {[%emt 0:00:21]} Qd7 {[%emt 0:01:26]} 9. Kh2 {[%emt 0:00:40]} g5 {[%emt 0:01:41]} 10. c3 {[%emt 0:01:29]} Bb6 {[%emt 0:00:23]} 11. d4 {[%emt 0:00:26]} Bc4 {[%emt 0:00:17]} 12. Nxb6 {[%emt 0:01:33]} axb6 {[%emt 0:00:07]} 13. d5 {[%emt 0:00:13]} Na7 {[%emt 0:00:32]} 14. Bxg5 {[%emt 0:00:25]} Rg8 {[%emt 0:00:55]} 15. h4 {[%emt 0:00:48]} Qg4 {[%emt 0:00:28]} 16. Ng1 {[%emt 0:02:17]} Rxg5 {[%emt 0:00:44]} 17. hxg5 {[%emt 0:00:04]} Qxg5 {[%emt 0:00:04]} 18. Re1 {[%emt 0:00:18]} Bb5 {[%emt 0:00:18]} 19. Bh3 {[%emt 0:01:31]} h5 {[%emt 0:00:16]} 20. Nf3 {[%emt 0:00:40]} Qf6 {[%emt 0:00:03]} 21. a4 {[%emt 0:00:43]} Bd7 {[%emt 0:00:14]} 22. Bxd7+ {[%emt 0:00:16]} Kxd7 {[%emt 0:00:04]} 23. Kg2 {[%emt 0:01:17]} Ng6 {[%emt 0:00:29]} 24. Rh1 {[%emt 0:00:21]} Rg8 {[%emt 0:00:42]} 25. Kf1 {[%emt 0:00:54]} h4 {[%emt 0:01:07]} 26. Nxh4 {[%emt 0:00:50]} Nxh4 {[%emt 0:00:10]} 27. gxh4 {[%emt 0:00:27]} Qf4 {[%emt 0:00:04]} 28. Qd3 {[%emt 0:00:21]} Nc8 {[%emt 0:00:24]} 29. Qe3 {[%emt 0:00:04]} Qg4 {[%emt 0:00:11]} 30. Qh3 {[%emt 0:00:02]} f5 {[%emt 0:00:32]} 31. Qxg4 {[%emt 0:00:03]} fxg4 {[%emt 0:00:05]} 32. Ke2 {[%emt 0:00:04]} Ne7 {[%emt 0:00:04]} 33. Ke3 {[%emt 0:00:01]} Rf8 {[%emt 0:00:09]} 34. Rag1 {[%emt 0:00:03]} Rf3+ {[%emt 0:00:05]} 35. Ke2 {[%emt 0:00:05]} Rf4 {[%emt 0:00:01]} 36. Kd3 {[%emt 0:00:28]} Rf3+ {[%emt 0:00:24]} 37. Kc4 {[%emt 0:00:02]} Rf4 {[%emt 0:00:04]} 38. Re1 {[%emt 0:00:02]} Rxf2 {[%emt 0:00:13]} 39. h5 {[%emt 0:00:01]} g3 {[%emt 0:00:16]} 40. h6 {[%emt 0:00:03]} g2 {[%emt 0:00:03]} 41. Rhg1 {[%emt 0:00:06]} Rxb2 {[%emt 0:00:05]} 42. h7 {[%emt 0:00:04]} Ng6 {[%emt 0:00:02]} 43. Re3 {[%emt 0:00:02]} c6 {[%emt 0:00:12]} 44. Rg3 {[%emt 0:00:06]} Nf4 {[%emt 0:00:03]} 45. Rg7+ {[%emt 0:00:10]} 1-0

[Event "EWCCC Online Preliminary-C 2020"]
[Site "Online"]
[Date "2020.12.19"]
[Round "3.4"]
[White "Moingt, Anne"]
[Black "Heinatz, Maria"]
[Result "0-1"]
[WhiteElo "2076"]
[BlackElo "1941"]
[Annotator "NA"]
[PlyCount "112"]
[EventDate "2020.12.19"]
[EventType "team-tourn"]
[EventCountry "NET"]
[SourceTitle "playchess.com"]
[Source "ChessBase"]
[SourceQuality "1"]
[TimeControl "900+5"]

1. e4 {[%emt 0:00:00]} c5 {[%emt 0:00:03]} 2. Nf3 {[%emt 0:00:06]} d6 {[%emt 0:00:02]} 3. d4 {[%emt 0:00:02]} cxd4 {[%emt 0:00:02]} 4. Nxd4 {[%emt 0:00:01]} Nf6 {[%emt 0:00:01]} 5. Nc3 {[%emt 0:00:03]} a6 {[%emt 0:00:02]} 6. Be2 {[%emt 0:00:02]} e5 {[%emt 0:00:03]} 7. Nb3 {[%emt 0:00:03]} Be7 {[%emt 0:00:02]} 8. O-O {[%emt 0:00:03]} O-O {[%emt 0:00:08]} 9. Be3 {[%emt 0:00:10]} Be6 {[%emt 0:00:12]} 10. f3 {[%emt 0:00:14]} Nbd7 {[%emt 0:00:21]} 11. Rf2 {[%emt 0:00:35]} Qc7 {[%emt 0:00:31]} 12. Bf1 {[%emt 0:00:38]} Nc5 {[%emt 0:00:40]} 13. Rd2 {[%emt 0:00:38]} Rfd8 {[%emt 0:00:16]} 14. Nxc5 {[%emt 0:02:05]} dxc5 {[%emt 0:00:04]} 15. Nd5 {[%emt 0:00:02]} Bxd5 {[%emt 0:00:52]} 16. exd5 {[%emt 0:00:03]} c4 {[%emt 0:00:24]} 17. c3 {[%emt 0:00:19]} Bc5 {[%emt 0:00:15]} 18. Bxc5 {[%emt 0:01:30]} Qxc5+ {[%emt 0:00:04]} 19. Kh1 {[%emt 0:00:01]} Rac8 {[%emt 0:00:45]} 20. b3 {[%emt 0:02:34]} cxb3 {[%emt 0:02:06]} 21. c4 {[%emt 0:00:02]} bxa2 {[%emt 0:00:28]} 22. Raxa2 {[%emt 0:00:04]} Ne8 {[%emt 0:01:13]} 23. Qe1 {[%emt 0:00:12]} Nd6 {[%emt 0:02:24]} 24. Rdc2 {[%emt 0:01:45]} Re8 {[%emt 0:00:14]} 25. Ra5 {[%emt 0:00:27]} b5 {[%emt 0:00:29]} 26. Rxa6 {[%emt 0:00:13]} bxc4 {[%emt 0:00:26]} 27. Ra5 {[%emt 0:00:05]} Qd4 {[%emt 0:00:37]} 28. Ra6 {[%emt 0:00:33]} Red8 {[%emt 0:00:21]} 29. Rd2 {[%emt 0:00:46]} Qc3 {[%emt 0:00:03]} 30. Qd1 {[%emt 0:00:02]} Ra8 {[%emt 0:00:37]} 31. Rda2 {[%emt 0:00:18]} Rxa6 {[%emt 0:00:10]} 32. Rxa6 {[%emt 0:00:02]} Nf5 {[%emt 0:00:17]} 33. d6 {[%emt 0:00:46]} Ne3 {[%emt 0:00:34]} 34. Qe2 {[%emt 0:00:02]} Nxf1 {[%emt 0:00:03]} 35. Qxf1 {[%emt 0:00:03]} Qd4 {[%emt 0:00:09]} 36. h3 {[%emt 0:00:33]} g6 {[%emt 0:00:21]} 37. Rc6 {[%emt 0:00:11]} Rxd6 {[%emt 0:00:08]} 38. Rxd6 {[%emt 0:00:07]} Qxd6 {[%emt 0:00:01]} 39. Qxc4 {[%emt 0:00:02]} Kg7 {[%emt 0:00:10]} 40. Qe4 {[%emt 0:00:17]} Qd4 {[%emt 0:00:33]} 41. Qb7 {[%emt 0:00:05]} h5 {[%emt 0:00:13]} 42. Kh2 {[%emt 0:00:14]} h4 {[%emt 0:00:04]} 43. Qa8 {[%emt 0:00:18]} Qf4+ {[%emt 0:00:03]} 44. Kg1 {[%emt 0:00:05]} Qd4+ {[%emt 0:00:12]} 45. Kh2 {[%emt 0:00:03]} f5 {[%emt 0:00:21]} 46. Qe8 {[%emt 0:00:19]} Qf4+ {[%emt 0:00:08]} 47. Kg1 {[%emt 0:00:04]} e4 {[%emt 0:00:10]} 48. Qe7+ {[%emt 0:00:11]} Kh6 {[%emt 0:00:11]} 49. Qf8+ {[%emt 0:00:06]} Kh5 {[%emt 0:00:03]} 50. Qh8+ {[%emt 0:00:07]} Qh6 {[%emt 0:00:10]} 51. Qe5 {[%emt 0:00:04]} exf3 {[%emt 0:00:11]} 52. gxf3 {[%emt 0:00:09]} Qg5+ {[%emt 0:00:06]} 53. Kf2 {[%emt 0:00:19]} Qd2+ {[%emt 0:00:08]} 54. Kg1 {[%emt 0:00:04]} Kg5 {[%emt 0:00:14]} 55. Qe7+ {[%emt 0:00:33]} Kf4 {[%emt 0:00:19]} 56. Qxh4+ {[%emt 0:00:02]} Kxf3 {[%emt 0:00:02]} 0-1

[Event "EWCCC Online Preliminary-C 2020"]
[Site "Online"]
[Date "2020.12.19"]
[Round "3.4"]
[White "Kurapova, Olga"]
[Black "Nicoara, Malina"]
[Result "1/2-1/2"]
[WhiteElo "1927"]
[BlackElo "2066"]
[Annotator "NA"]
[PlyCount "110"]
[EventDate "2020.12.19"]
[EventType "team-tourn"]
[EventCountry "NET"]
[SourceTitle "playchess.com"]
[Source "ChessBase"]
[SourceQuality "1"]
[TimeControl "900+5"]

1. e4 {[%emt 0:00:00]} Nf6 {[%emt 0:00:04]} 2. e5 {[%emt 0:00:03]} Nd5 {[%emt 0:00:02]} 3. d4 {[%emt 0:00:03]} d6 {[%emt 0:00:02]} 4. exd6 {[%emt 0:00:04]} cxd6 {[%emt 0:00:03]} 5. c4 {[%emt 0:00:07]} Nb6 {[%emt 0:00:02]} 6. Nc3 {[%emt 0:00:13]} g6 {[%emt 0:00:03]} 7. Be3 {[%emt 0:00:04]} Bg7 {[%emt 0:00:04]} 8. Rc1 {[%emt 0:00:05]} Nc6 {[%emt 0:00:06]} 9. Be2 {[%emt 0:01:12]} O-O {[%emt 0:00:04]} 10. h4 {[%emt 0:00:48]} d5 {[%emt 0:00:26]} 11. c5 {[%emt 0:00:08]} Nc4 {[%emt 0:00:05]} 12. Bxc4 {[%emt 0:01:42]} dxc4 {[%emt 0:00:04]} 13. Nge2 {[%emt 0:00:04]} Bg4 {[%emt 0:00:53]} 14. f3 {[%emt 0:00:31]} Bf5 {[%emt 0:00:03]} 15. Ne4 {[%emt 0:01:25]} Bxe4 {[%emt 0:01:00]} 16. fxe4 {[%emt 0:00:06]} Qa5+ {[%emt 0:00:46]} 17. Nc3 {[%emt 0:00:59]} Rad8 {[%emt 0:00:17]} 18. d5 {[%emt 0:00:32]} Ne5 {[%emt 0:00:15]} 19. O-O {[%emt 0:00:07]} Nd3 {[%emt 0:00:26]} 20. Rc2 {[%emt 0:00:19]} Nxc5 {[%emt 0:00:04]} 21. Qe2 {[%emt 0:01:42]} Nd3 {[%emt 0:00:52]} 22. h5 {[%emt 0:01:06]} b5 {[%emt 0:00:39]} 23. a3 {[%emt 0:00:29]} a6 {[%emt 0:01:11]} 24. Nd1 {[%emt 0:00:49]} Rc8 {[%emt 0:00:43]} 25. Nf2 {[%emt 0:00:23]} Nxf2 {[%emt 0:00:32]} 26. Qxf2 {[%emt 0:00:06]} Qc7 {[%emt 0:00:13]} 27. Bd4 {[%emt 0:00:13]} Bxd4 {[%emt 0:00:30]} 28. Qxd4 {[%emt 0:00:04]} Qc5 {[%emt 0:00:02]} 29. Qxc5 {[%emt 0:00:08]} Rxc5 {[%emt 0:00:02]} 30. hxg6 {[%emt 0:00:03]} hxg6 {[%emt 0:00:06]} 31. b3 {[%emt 0:00:13]} Rd8 {[%emt 0:00:25]} 32. Rfc1 {[%emt 0:00:15]} Rdc8 {[%emt 0:00:02]} 33. Kf2 {[%emt 0:00:08]} Kf8 {[%emt 0:00:03]} 34. Ke3 {[%emt 0:00:05]} e5 {[%emt 0:01:06]} 35. dxe6 {[%emt 0:00:16]} fxe6 {[%emt 0:00:02]} 36. bxc4 {[%emt 0:00:05]} bxc4 {[%emt 0:00:37]} 37. Kd4 {[%emt 0:00:07]} Ra5 {[%emt 0:00:32]} 38. Rxc4 {[%emt 0:00:14]} Rxc4+ {[%emt 0:00:06]} 39. Rxc4 {[%emt 0:00:02]} Rxa3 {[%emt 0:00:02]} 40. Ke5 {[%emt 0:00:03]} Ra2 {[%emt 0:00:42]} 41. Kxe6 {[%emt 0:00:07]} Rxg2 {[%emt 0:00:05]} 42. Ra4 {[%emt 0:00:10]} Kg7 {[%emt 0:00:31]} 43. Rxa6 {[%emt 0:00:03]} Re2 {[%emt 0:00:10]} 44. e5 {[%emt 0:00:04]} Re1 {[%emt 0:00:11]} 45. Kd6 {[%emt 0:00:10]} g5 {[%emt 0:00:21]} 46. e6 {[%emt 0:00:05]} Kf6 {[%emt 0:00:12]} 47. Kd7 {[%emt 0:00:17]} g4 {[%emt 0:00:56]} 48. Rd6 {[%emt 0:00:41]} g3 {[%emt 0:01:52]} 49. Rd3 {[%emt 0:00:13]} g2 {[%emt 0:00:44]} 50. Rf3+ {[%emt 0:00:08]} Ke5 {[%emt 0:00:15]} 51. e7 {[%emt 0:00:27]} Rd1+ {[%emt 0:00:03]} 52. Kc6 {[%emt 0:00:06]} Rc1+ {[%emt 0:00:07]} 53. Kd7 {[%emt 0:00:03]} Rd1+ {[%emt 0:00:10]} 54. Kc6 {[%emt 0:00:09]} Rc1+ {[%emt 0:00:02]} 55. Kd7 {[%emt 0:00:08]} Rd1+ {[%emt 0:00:02]} 1/2-1/2

[Event "EWCCC Online Preliminary-C 2020"]
[Site "Online"]
[Date "2020.12.19"]
[Round "4.1"]
[White "Mar, Karmen"]
[Black "Hakimifard, Ghazal"]
[Result "0-1"]
[WhiteElo "2093"]
[BlackElo "2265"]
[Annotator "TA"]
[PlyCount "70"]
[EventDate "2020.12.19"]
[EventType "team-tourn"]
[EventCountry "NET"]
[SourceTitle "playchess.com"]
[Source "ChessBase"]
[SourceQuality "1"]

{[%evp 9,70,43,37,38,64,56,63,63,69,69,63,72,73,33,41,33,33,4,4,0,0,0,0,-21,-22,-53,0,-41,11,21,39,29,37,33,54,34,58,30,31,25,52,57,52,33,178,120,154,-97,175,-167,-59,-672,-642,-1082,-1080,-1172,-616,-2212,-2160,-29990,-29991,-29992,-29993]} 1. e4 c5 2. Nf3 e6 3. g3 a6 4. Bg2 Nc6 5. O-O Qc7 6. Re1 {B40: Sicilian: 2...e6, Unusual lines.} d6 7. c3 Be7 8. d4 {White is slightly better.} cxd4 9. cxd4 Nf6 10. Nc3 O-O {[#]} 11. e5 $146 ({Predecessor:} 11. h3 Re8 12. Be3 Bd7 13. Rc1 Qa5 14. a3 Rac8 15. Qd2 b5 16. Red1 b4 17. axb4 Qxb4 {1-0 (31) Hansen,T (2448)-Bonazzi,E (2079) Milan 2014}) 11... dxe5 12. dxe5 Rd8 13. Qe2 Nd5 14. Nxd5 exd5 15. Bf4 {Strongly threatening e6.} Be6 16. Red1 d4 17. Rac1 Qa5 (17... h6 $15) 18. a3 Rd7 (18... h6 $15) 19. Ne1 $11 Qa4 20. Nd3 Na5 21. Re1 Qb3 22. Be4 Re8 23. Qh5 g6 $1 {[%cal Rg6h5]} 24. Qe2 Bc4 25. h4 Bf8 26. h5 Qb5 ({Better is} 26... Rde7 $14) 27. hxg6 (27. b4 $18) 27... hxg6 28. Kg2 $2 (28. b4 $1 $16 {[%cal Rb4a5]} Nb3 29. Rb1) 28... Nb3 $2 {[%mdl 8192] [#]} (28... f5 $1 $17 {[%cal Rf5e4] and life is bright.} 29. exf6 Rxe4) 29. Rcd1 $4 {[%mdl 8192] [#]} (29. Rxc4 $1 $18 {[%mdl 512] was the only winning move.} Qxc4 30. Qg4) 29... Nc5 (29... f5 $1 $19 {[%cal Rf5e4]} 30. a4 (30. exf6 $2 Rxe4 31. Qg4 Rxe1 $19) 30... Qxa4) 30. b4 $2 {[%mdl 8192]} (30. a4 $15 Bxd3 31. axb5 Bxe2 32. Rxe2) 30... Nxe4 $19 31. Rh1 Nc3 {[%mdl 64] Double Attack} 32. Qg4 Bxd3 33. Qh4 {[%csl Gh1][%cal Rh4h8]} Be4+ {[%mdl 64] Skewer} 34. f3 Qe2+ {[%mdl 64] Double Attack} 35. Kg1 Qxd1+ {Weighted Error Value: White=1.20/Black=0.46} 0-1

[Event "EWCCC Online Preliminary-C 2020"]
[Site "Online"]
[Date "2020.12.19"]
[Round "4.1"]
[White "Thode, Gilda"]
[Black "Hrenic, Misa"]
[Result "1-0"]
[WhiteElo "1987"]
[BlackElo "2020"]
[Annotator "TA"]
[PlyCount "91"]
[EventDate "2020.12.19"]
[EventType "team-tourn"]
[EventCountry "NET"]
[SourceTitle "playchess.com"]
[Source "ChessBase"]
[SourceQuality "1"]

{[%evp 17,91,14,19,0,0,0,10,0,0,0,7,-18,-6,-9,12,4,50,45,158,25,197,55,112,26,41,19,254,255,261,-94,-100,-154,-151,-136,67,-58,-87,-52,-35,-33,-26,-76,-65,-60,-68,-58,104,76,103,-182,451,375,392,327,374,279,916,890,1077,922,2436,1805,1683,1516,2947,2730,3276,2510,3809,2981,3366,3231,3164,2583,2410,2177]} 1. d4 Nf6 2. Nf3 e6 3. Bg5 c5 4. c3 h6 5. Bh4 b6 6. Nbd2 Bb7 7. e3 cxd4 8. exd4 Be7 9. Bd3 d6 10. Bxf6 {A46: 1 d4 Nf6 2 Nf3 e6: Torre, London and Colle Systems.} Bxf6 11. O-O Nd7 12. Ne4 {The position is equal.} Be7 {[#]} 13. a4 $146 ({Predecessor:} 13. Re1 O-O 14. Bc2 Nf6 15. Nxf6+ Bxf6 16. Qd3 g6 17. Rxe6 Bxf3 18. gxf3 Re8 19. Rxe8+ Qxe8 {½-½ (58) Kovacevic,V (2515)-Polugaevsky,L (2595) Haifa 1989}) 13... a6 14. Nfd2 O-O 15. f4 Bc6 16. Qe2 Qc8 17. f5 exf5 (17... e5 $1 $14) 18. Rxf5 ({White must play} 18. Ng3 $1 $16 Bg5 19. Nxf5) 18... Qb7 $2 (18... g6 $11) 19. a5 (19. Raf1 $18) 19... b5 (19... d5 $14) 20. b4 (20. Qg4 $16) 20... Rae8 21. Qg4 Kh8 $2 (21... Qc8 $11) 22. Raf1 $18 Bd5 {[#]} 23. h4 $2 ({Only move:} 23. Rxd5 $1 $18 {[%mdl 512]} Qxd5 24. Qxd7) 23... Be6 $17 24. Qg3 (24. Ng3 $142) 24... Bxf5 25. Rxf5 Nf6 $2 (25... Qc6 $17 26. Bc2 d5) 26. Nxd6 (26. Nxf6 $14 Bxf6 27. Rxf6 $1 {[%mdl 512]} gxf6 28. Qf4 $1 {[%mdl 576] Double Attack}) 26... Bxd6 $15 27. Qxd6 {With the idea Rxf6.} Qe7 (27... Rd8 {keeps more tension.} 28. Qg3 Qc8 29. Rc5 Qe6 30. Bf5 Qd6) 28. Qxe7 Rxe7 29. Nf3 Rc8 30. Rc5 Rxc5 $1 31. bxc5 {[%cal Bb4c5,Bc5c6][%mdl 4128] Endgame KRN-KBN} Re3 $2 (31... Nd5 $1 $15 {stays ahead.}) 32. Ne5 $16 Kg8 33. Kf2 $2 {[%mdl 8192] [#]} (33. c6 $16 {Threatens to win with c7.} Re1+ 34. Kf2) 33... Nd5 $4 {[%mdl 8192]} (33... Ng4+ $1 $19 {[%mdl 512]} 34. Nxg4 Rxd3) 34. c6 Rxd3 35. Nxd3 $18 {aiming for Nb4. KN-KN} Kf8 36. Nc5 Ke7 $2 (36... Nc7 37. Nd3 Ke7) 37. Nxa6 {White is clearly winning.} Nxc3 38. Nb4 {Hoping for a6.} Na4 39. d5 Kd6 40. Ke3 f5 41. Kf4 g6 {[#]} 42. h5 $1 {[%mdl 512]} gxh5 43. Kxf5 Nc5 44. a6 Na4 45. Kg6 Nb6 46. Kxh5 {Weighted Error Value: White=0.88/Black=0.83} 1-0